LEADER 01514nam a2200289 i 4500 001 000000161489 003 CaOOAMICUS 005 20260316105119.0 008 070518s2007 it u010 u ita u 013 $a138852 020 $a978-88-7653-165-1 040 $aSeMil$bita 245 03$aIl Verbo di Dio è vivo :$bstudi sul Nuovo Testamento in onore del cardinale Albert Vanhoye, s.j. /$cJosé Enrique Aguilar Chiu ... [et al.]. 260 $aRoma :$bPontificio Istituto Biblico,$c2007. 300 $a632 p. :$b[1] ritr. ;$c24 cm. 490 0 $aAnalecta Biblica : investigationes scientificae in res biblicas ;$v165 650 4$aBibbia - NT - Commentari, studi, critica, interpretazioni - Miscellanea.$0(OLS)http://semarc/subject/2730 700 1 $aAguilar Chiu, José Enrique,$d<1960- >.$0(OLS)http://semarc/name/42638 700 1 $aVanhoye, Albert,$c,$ededicatario miscellanea.$0(OLS)http://semarc/name/4665 830 0$aAnalecta biblica ;$v165.$0(OLS)http://semarc/title/6 850 $aSeMil 852 $aSeMil$W1$xVenegono$y1$m2HA G 165$j268527$B112888$CSeMilBibl$Z2$F123382 $81 961 $aOmaggio per recensione: Scuola Cattolica 996 $6020$a978-88-7653-165-1$9(OLS)http://semarc/number/77549 996 $6245$aIl Verbo di Dio è vivo :$bstudi sul Nuovo Testamento in onore del cardinale Albert Vanhoye, s.j.$9(OLS)http://semarc/title/144613 996 $6260$aRoma :$bPontificio Istituto Biblico$9(OLS)http://semarc/publisher/30489